00161 a2200073 450000100060000010000140000624500360002026000310005637422 aPant J C aOptimization operation research aNew DelhibJoin Brothersc